Les Marcel célèbres - Statistiques

Statistiques générales
  • Ce quiz a été pris 81 fois
    21 depuis la dernière actualisation
  • Le résultat moyen est 4 sur 20
Statistiques - réponses
Par images Réponse % Correct
Marcel Cerdan
71%
Marcel Desailly
71%
Marcel Pagnol
59%
Marcel Proust
47%
Saint Marcel - Pape Marcel Ier
41%
Marcel Amont
29%
Marcel Bigeard
29%
Marcel Aymé
24%
Marcel Carné
12%
Marcel Hirscher
12%
Le Mime Marceau
6%
Marcel Bozzuffi
6%
Marcel Dalio
6%
Marcel Kittel
6%
Marcel Bernard
0%
Marcel Bernier
0%
Marcel Bidot
0%
Marcel Jullian
0%
Marcel Wust
0%
Mgr Marcel Lefebvre
0%
Aucun quiz correspondant
Distribution des résultats
% des personnes avec chaque résultat
Percentile par nombre de réponses
Votre historique - résultats
Vous n’avez pas pris ce quiz depuis la dernière actualisation